Top 68 zeitlose Vornamen m/w - Statistiken

Allgemein
  • Dieses Quiz wurde 103 mal gespielt
  • Das Durchschnittsergebnis liegt bei 51 aus 68
Antwortstatistiken
📍 Vorname % Korrekt
An.a ♀️ Anna
99%
J.n ♂️ Jan
97%
J.h.n..s ♂️ Johannes
96%
Be.j.m.n ♂️ Benjamin
95%
H.n.a ♀️ Hanna
93%
El.s.b..h ♀️ Elisabeth
92%
Em.l ♂️ Emil
92%
Em.l.a ♀️ Emilia
92%
F.b..n ♂️ Fabian
92%
F.l.x ♂️ Felix
92%
J.h.n.a ♀️ Johanna
92%
D.v.d ♂️ David
91%
D.m.n.k ♂️ Dominik
91%
D.n..l ♂️ Daniel
89%
G.o.g ♂️ Georg
89%
M.x.m.l..n ♂️ Maximilian
89%
Pa.l ♂️ Paul
89%
F.a.z.s.a ♀️ Franziska
88%
J.k.b ♂️ Jakob
88%
Fr.d.r.k ♂️ Frederik
86%
M.r.a ♀️ Maria
85%
Ni.s ♂️ Nils
85%
Fe.d.n..d ♂️ Ferdinand
84%
G.b.i.l ♂️ Gabriel
84%
J.l.a ♀️ Julia
84%
Ja.a ♀️ Jana
82%
Em.a ♀️ Emma
81%
I.a ♀️ Ida
81%
Al..a.d.r ♂️ Alexander
80%
E.a ♀️ Eva
80%
Ja.m.n ♀️ Jasmin
80%
K.t..r..a ♀️ Katharina
80%
J.l..n ♂️ Julian
78%
Ph.l..p ♂️ Philipp
78%
T.m ♂️ Tim
78%
A.t.n ♂️ Anton
77%
S.r.h ♀️ Sarah
77%
S.b..t..n ♂️ Sebastian
77%
Al..a.d.a ♀️ Alexandra
76%
P.u.a ♀️ Paula
76%
Th.m.s ♂️ Thomas
76%
J.l..s ♂️ Julius
74%
M.c.a.l ♂️ Michael
74%
M.r..m ♀️ Miriam
74%
Ni.a ♀️ Nina
74%
C.a.l.t.e ♀️ Charlotte
72%
S.m.n ♂️ Simon
72%
C.r..t..n ♂️ Christian
70%
Li.a ♀️ Lisa
70%
M.r.e ♀️ Marie
70%
M.t..i.s ♂️ Matthias
70%
L.u.a ♀️ Laura
69%
F.i.d.i.h ♂️ Friedrich
68%
A.d.e.s ♂️ Andreas
65%
T.e.d.r ♂️ Theodor
65%
V.r.n..a ♀️ Veronika
65%
K.a.a ♀️ Klara
64%
Li.a ♀️ Lina
58%
H.l..a ♀️ Helena
57%
S.p..e ♀️ Sophie
57%
Fl.r..n ♂️ Florian
54%
Cl.m..s ♂️ Clemens
53%
No.a ♀️ Nora
51%
Vi.t.r.a ♀️ Victoria
49%
A.n..a ♀️ Annika
45%
L.i.e ♀️ Luise
39%
L.n.a ♀️ Linda
35%
Th.r..a ♀️ Theresa
26%
Keine übereinstimmenden Quizze gefunden
Verteilung der Resultate
Anzahl Personen mit jedem Resultat
Perzentil nach korrekt beantworteten Fragen
Ihre Resultats-Entwicklung
Sie haben dieses Quiz noch nicht gespielt